Thư viện, cuộc sống tự nhiên: Các loài cá

שמור ב:
מידע ביבליוגרפי
פורמט: ספר
תגים: הוספת תג
אין תגיות, היה/י הראשונ/ה לתייג את הרשומה!
Thư viện lưu trữ: Mạng thư viện Đại học Đà Nẵng
LEADER 00426nam a22001691a 4500
001 000039745
003 16040
005 20160412022641.0
008 160412s0 000
082 |a 4N(TK)364 
245 |a Thư viện, cuộc sống tự nhiên: Các loài cá 
OWN |a LNN 
999 |a From the UDN01 
TYP |a Monograph 
980 |a Mạng thư viện Đại học Đà Nẵng